000 00763nam a22002297a 4500
005 20250725121239.0
008 250725b |||||||| |||| 00| 0 eng d
020 _a978-964-7531-91-7 (hbk)
037 _cTB
040 _aCRL
_cCRL
041 _2PER
_aPER
084 _aO164,6N26x Q0
_bCRL
100 _aAadil, Ghulam Ali Haddad
_9814463
245 _aJashn nama-e-Ustad Abdul Al-Mohammad Aaiti
260 _aTehran, Iran:
_bFarhangistan zuban-o-adab Farsi,
_c2010.
300 _a396p.
365 _b1400.00
_cINR
650 _aPersian Literature
650 _aPersian Prose
_9997
942 _2CC
_cTB
_hO164,6N26x Q0
_n0
999 _c1434291
_d1434291